|
|
|
|
| LEADER |
02360nam a2200505 4500 |
| 001 |
ocn720605364 |
| 003 |
OCoLC |
| 005 |
20180501121941.0 |
| 006 |
m o d |
| 007 |
cr cnu---unuuu |
| 008 |
110506s2010 enk ob 001 0 eng d |
| 040 |
|
|
|a N$T
|b eng
|e pn
|c N$T
|d E7B
|d OCLCQ
|d OPELS
|d OCLCQ
|d OCLCF
|d OCLCQ
|d OTZ
|d DEBBG
|d GrThAP
|
| 019 |
|
|
|a 715190027
|a 995017705
|
| 020 |
|
|
|a 9780123850331
|q (electronic bk.)
|
| 020 |
|
|
|a 0123850339
|q (electronic bk.)
|
| 020 |
|
|
|a 9780123850324
|q (electronic bk.)
|
| 020 |
|
|
|a 0123850320
|q (electronic bk.)
|
| 035 |
|
|
|a (OCoLC)720605364
|z (OCoLC)715190027
|z (OCoLC)995017705
|
| 050 |
|
4 |
|a QR360
|b .A38 2010eb
|
| 072 |
|
7 |
|a SCI
|x 008000
|2 bisacsh
|
| 072 |
|
7 |
|a SCI
|x 045000
|2 bisacsh
|
| 082 |
0 |
4 |
|a 579.2
|2 22
|
| 049 |
|
|
|a TEFA
|
| 245 |
0 |
0 |
|a Advances in virus research.
|n Volume 78 /
|c edited by Karl Maramorosch, Aaron J. Shatkin, Frederick A. Murphy.
|
| 250 |
|
|
|a 1st ed.
|
| 260 |
|
|
|a Amsterdam :
|b Elsevier ;
|a London :
|b Academic Press,
|c 2010.
|
| 300 |
|
|
|a 1 online resource (145 pages).
|
| 336 |
|
|
|a text
|b txt
|2 rdacontent
|
| 337 |
|
|
|a computer
|b c
|2 rdamedia
|
| 338 |
|
|
|a online resource
|b cr
|2 rdacarrier
|
| 490 |
1 |
|
|a Advances in virus research,
|x 0065-3527 ;
|v v. 78
|
| 504 |
|
|
|a Includes bibliographical references (pages 120-142) and index.
|
| 588 |
0 |
|
|a Print version record.
|
| 520 |
|
|
|a Published since 1953, Advances in Virus Research covers a diverse range of in-depth reviews providing a valuable overview of the current field of virology. The impact factor for 2008 is 4.886, placing it 4th in the highly competitive category of virology. * Contributions from leading authorities * Informs and updates on all the latest developments in the field.
|
| 650 |
|
0 |
|a Virology
|x Research.
|
| 650 |
|
7 |
|a SCIENCE
|x Life Sciences
|x Biology.
|2 bisacsh
|
| 650 |
|
7 |
|a SCIENCE
|x Life Sciences
|x Microbiology.
|2 bisacsh
|
| 650 |
|
7 |
|a Virology
|x Research.
|2 fast
|0 (OCoLC)fst01167675
|
| 655 |
|
4 |
|a Electronic books.
|
| 700 |
1 |
|
|a Maramorosch, Karl.
|
| 700 |
1 |
|
|a Shatkin, Aaron J.
|
| 700 |
1 |
|
|a Murphy, Frederick A.
|
| 776 |
0 |
8 |
|i Print version:
|t Advances in virus research. Volume 78.
|d London : Academic, 2010
|z 9780123850324
|w (OCoLC)659229885
|
| 830 |
|
0 |
|a Advances in virus research ;
|v v. 78.
|x 0065-3527
|
| 856 |
4 |
0 |
|u https://www.sciencedirect.com/science/bookseries/00653527/78
|z Full Text via HEAL-Link
|